书目信息 |
| 题名: |
演说之禅
|
|
| 作者: | 雷纳德 著 ;钱嘉文 译 | |
| 分册: | ||
| 出版信息: | 北京 机械工业出版社 2024.10 |
|
| 页数: | 14,286页 | |
| 开本: | 21cm | |
| 丛书名: | ||
| 单 册: | ||
| 中图分类: | J98 | |
| 科图分类: | ||
| 主题词: | 幻灯绘制--基本知识 | |
| 电子资源: | ||
| ISBN: | 978-7-111-76187-7 | |
| 000 | 01099nam0 2200265 450 | |
| 001 | 013251561 | |
| 005 | 20251022200740.80 | |
| 010 | @a978-7-111-76187-7@dCNY129.00 | |
| 100 | @a20241118d2024 em y0chiy0120 ea | |
| 101 | 1 | @achi@ceng |
| 102 | @aCN@b110000 | |
| 105 | @aa z 000yy | |
| 106 | @ar | |
| 200 | 1 | @a演说之禅@9yan shuo zhi chan@e幻灯片设计与呈现的艺术@dPresentation Zen@esimple ideas on presentation design and delivery@f(美)加尔·雷纳德(Garr Reynolds)著@g钱嘉文译@zneg |
| 210 | @a北京@c机械工业出版社@d2024.10 | |
| 215 | @a14,286页@c图@d21cm | |
| 305 | @a由Pearson Education(培生教育出版集团)授权出版 据原书第3版译出 | |
| 330 | @a本书解密了幻灯片演示和演讲原则,展示了如何利用简约原则和讲故事的方式与观众建立良好的联系,以帮助读者获取灵感并提升演讲表达能力。 | |
| 510 | 1 | @aPresentation Zen@esimple ideas on presentation design and delivery@zneg |
| 606 | 0 | @a幻灯绘制@x基本知识 |
| 690 | @aJ98@v5 | |
| 701 | 0 | @c(美)@a雷纳德@9lei na de@c(Reynolds, Garr)@4著 |
| 702 | 0 | @a钱嘉文@9qian jia wen@4译 |
| 801 | 0 | @aCN@c20250905 |
| 905 | @a河南城建学院图书馆@dJ98@eL083@ZL083@f1 | |
| 演说之禅:幻灯片设计与呈现的艺术=Presentation Zen:simple ideas on presentation design and delivery/(美)加尔·雷纳德(Garr Reynolds)著/钱嘉文译.-北京:机械工业出版社,2024.10 |
| 14,286页:图;21cm |
| ISBN 978-7-111-76187-7:CNY129.00 |
| 本书解密了幻灯片演示和演讲原则,展示了如何利用简约原则和讲故事的方式与观众建立良好的联系,以帮助读者获取灵感并提升演讲表达能力。 |
| ● |
| 相关链接 |
|
|
|
正题名:演说之禅
索取号:J98/L083
 
预约/预借
| 序号 | 登录号 | 条形码 | 馆藏地/架位号 | 状态 | 备注 |
| 1 | 1631258 | 216312586 | 社科库309/309社科库 98排4列4层/ [索取号:J98/L083] | 在馆 |